[Event "5th Classic GpB 2013"]
[Site "London ENG"]
[Date "2013.12.12"]
[Round "4.2"]
[White "Sadler, Matthew D"]
[Black "Rowson, Jonathan"]
[Result "1-0"]
[WhiteTitle "GM"]
[BlackTitle "GM"]
[WhiteElo "2646"]
[BlackElo "2569"]
[WhiteFideId "400173"]
[BlackFideId "2400561"]
[EventDate "2013.12.11"]

1. d4 Nf6 2. c4 e6 3. Nc3 Bb4 4. e3 c5 5. Ne2 cxd4 6. exd4 d5 7. c5 Ne4 8. Bd2
Nxd2 9. Qxd2 Ba5 10. a3 Nd7 11. g3 Nf6 12. b4 Bc7 13. Bg2 h5 14. h3 Bd7 15. Qe3
Kf8 16. Nf4 g6 17. Nd3 Kg7 18. O-O Ng8 19. Rfe1 Nh6 20. Qd2 Re8 21. Ne5 Re7 22.
a4 Be8 23. a5 a6 24. Re2 Rc8 25. Rae1 Bb8 26. Nf3 Bc6 27. Ng5 Qd7 28. h4 Rce8
29. Bh3 Nf5 30. Bg2 Bc7 31. Nh3 Bb8 32. Nf4 Qc7 33. Re5 Qd7 34. Nxh5+ gxh5 35.
Qg5+ Kh7 36. Qxh5+ Nh6 37. Rg5 Rh8 38. Re3 Qe8 39. Qe2 Rg8 40. Nxd5 Bxd5 41.
Rxd5 f5 42. c6 bxc6 43. Rc5 f4 44. Be4+ Kg7 45. Rg5+ Kf8 46. Rc3 fxg3 47. fxg3
Rxg5 48. hxg5 Nf5 49. Rxc6 Kg7 50. Qh2 Qd8 51. d5 Ba7+ 52. Kf1 Rf7 53. Rxe6 Nd4+
54. Kg2 Nxe6 55. Qh6+ Kg8 56. dxe6 Rg7 57. e7 Qxe7 58. Bd5+ Kf8 59. Qh8+ 1-0